000 00489nam a2200157Ia 4500
008 220216s9999 xx 000 0 und d
100 _aKerdvongbundit P
245 0 _aChallenges for rubber price and marketing
260 _bIRRDB Symposium: Challenges for Natural Rubber in Globalization, 15-17 September 2003, Ching Mai, Thailand
650 _aNR price
650 _aRubber marketing
700 _aArunoprayote S
700 _aThainugul W
700 _aUdomjarumani S
942 _cJS
999 _c55294
_d55294